Loading...
| Science - Biology | 0 | 5 | 1 | 0 | 45 | 55 | 64.40 | 2 | 5 |
| Social Science | 0 | 3 | 2 | 0 | 20 | 33 | 54.67 | 1 | 2 |
| History - World History | 0 | 2 | 0 | 0 | 20 | 61 | 76.00 | 0 | 2 |
| Literature - British Literature | 0 | 2 | 0 | 0 | 20 | 72 | 87.00 | 1 | 1 |
| Literature - World/Other Literature | 0 | 2 | 0 | 0 | 20 | 83 | 83.50 | 0 | 2 |
| Mythology | 0 | 1 | 0 | 0 | 10 | 65 | 65.00 | 0 | 1 |
| History - European History | 0 | 1 | 0 | 0 | 10 | 54 | 54.00 | 1 | 1 |
| Science - Chemistry | 0 | 1 | 0 | 0 | 10 | 41 | 41.00 | 1 | 1 |
| Religion | 0 | 1 | 1 | 0 | 5 | 67 | 67.00 | 0 | 0 |
| History - American History | 0 | 0 | 0 | 0 | 0 | 0.00 | 0 | 0 | |
| History - Other History | 0 | 0 | 1 | 0 | -5 | 0.00 | 0 | 0 | |
| Fine Arts - Other Fine Arts | 0 | 0 | 1 | 0 | -5 | 0.00 | 0 | 0 | |
| Literature - American Literature | 0 | 0 | 1 | 0 | -5 | 0.00 | 0 | 0 | |
| Geography/Current Events | 0 | 0 | 1 | 0 | -5 | 0.00 | 0 | 0 | |
| Science - Other Science | 0 | 1 | 3 | 0 | -5 | 92 | 92.00 | 0 | 1 |
| Fine Arts - Classical Music | 0 | 0 | 1 | 0 | -5 | 0.00 | 0 | 0 | |
| Science - Physics | 0 | 0 | 2 | 0 | -10 | 0.00 | 0 | 0 |